Stray Kids - Une lettre, une chanson - Statistiques

Statistiques générales
  • Ce quiz a été pris 511 fois
    510 depuis la dernière actualisation
  • Le résultat moyen est 18 sur 26
Statistiques - réponses
Lettres Chansons % Correct
C Call / Can't Stop / CASE 143 / Ceremony / Charmer / CHEESE / CHILL / Chk Chk Boom / Christmas EveL / Christmas Love / Chronosaurus / CINEMA / CIRCUS / Close / Collision / Come Play / COMFLEX / Connected / Cover Me / Creed
97%
N Never Alone / Neverending Story / NIGHT / NOT! / Novel / N/S
96%
M Maknae on Top / MANIAC / Maze of Memories / MEGAVERSE / Mess / M.I.A. / MIROH / Mirror / miss you / Mixtape #1 / Mixtape #2 / Mixtape #3 / Mixtape #4 / MOUNTAINS / Muddy Water / My Pace / My Side / My Universe
92%
S Saiyan / Scars / School Life / S-Class / Secret Secret / Side Effects / Silent Cry / Silent Night / SLASH / SLUMP / Spread My Wings / Social Path / So Good / Sorry, I Love You / THE SOUND / SSICK / Star Lost / Stars and Raindrops / Stray Kids / STOP / Streelight / Sunshine / SUPER BOARD / Super Bowl / Surfin'
91%
D Deep end / District 9 / Divine (신선놀음) / DLC / DLMLU / Do It / DOMINO / DOODLE / Double Knot / Drive
90%
T TA / TASTE / There / Thunderous / Mixtape: Time Out / TMT / TOP / TOPLINE / The Tortoise and The Hare / Truman / twilight
82%
L LALALALA / Leave / Levanter / Limbo / Lonely St. / Lost Me / Lose My Breath / love is painful / Love Untold
81%
G Get Cool / GET LIT / Ghost / GIANT / Give Me Your TMI / GLOW / God's Menu / GO LIVE / Gone Away / Mixtape: Gone Days / Grow Up
80%
B Back Door / Battle Ground / Because / Behind The Light / BEWARE / Bleep (삐처리) / BLIND SPOT / Blueprint / B Me / Booster / Bounce Back / Boxer / Broken Compass / Burnin' Tires / Butterflies
78%
H Half Time (반전) / Hall of Fame / HALLUCINATION / HaPpY / Haven / Hellavatro / Hello Stranger / Hero's Soup / Hold my hand / Holiday / Hollow / Hoodie Season / Hug Me
77%
R Railway / Red Lights / Road Not Taken / ROCK / RUN / Runners
77%
U U / ULTRA / Unfair / Up All Night
75%
I I am YOU / ice.cream / I GOT IT / i hate to admit / I Like It / In My Head / Insomnia / ITEM
74%
Y YAYAYA / YOU. / You Can STAY / Your Eyes / Youth / Youtiful
71%
A Airplane / Alien / ALL IN / Another Day / Any / Astronaut / As we are / Awaken / Awkward Silence
69%
V VENOM / Victory Song / The View / Voices
68%
E Easy / Entrance / ESCAPE / Ex / EXTRAORDINARY
67%
J JJAM / just a little
64%
W Waiting For Us / Walkin On Water / We Go / WHY? / Winter Falls / Wish You Back / WOLFGANG / Wow
64%
F Fairytale / Falling Up / FAM / FATE / FNF / For You / FREEZE
63%
Chiffres 0325 / 0801 / 19 / 24 to 25 / 3RACHA / 3rd Eye / 4419
62%
P Pacemaker / Parade / Phobia / Phoenix / Photobook / Piece of Puzzle / Placebo
56%
Q Question
41%
O Mixtape : OH / One Day / Mixtape: On Track
36%
Symboles #LoveSTAY
27%
Z ZONE
22%
Aucun quiz correspondant
Distribution des résultats
% des personnes avec chaque résultat
Percentile par nombre de réponses
Votre historique - résultats
Vous n’avez pas pris ce quiz depuis la dernière actualisation